[Event "Eesti mv 2003"]
[Site "?"]
[Date "2003.05.17"]
[Round "1.2"]
[White "Mirme, Heino"]
[Black "Zjukin, Sergei"]
[Result "1/2-1/2"]
[WhiteElo "2067"]
[BlackElo "2385"]
[PlyCount "114"]

1. d4 Nf6 2. Nf3 e6 3. Bg5 c5 4. e3 Be7 5. Nbd2 b6 6. c3 Bb7 7. Bd3 cxd4 8.
exd4 Nc6 9. O-O O-O 10. Nc4 Nd5 11. h4 f6 12. Bd2 Qc7 13. g3 b5 14. Ne3 Nxe3
15. Bxe3 Bd6 16. Kh2 a6 17. Nd2 f5 18. f4 Ne7 19. Nf3 Nd5 20. Qd2 Nf6 21. Ne5
Be7 22. Rac1 d6 23. Nf3 Bd5 24. b3 Qb7 25. Qe2 Ng4+ 26. Kh3 Bf6 27. Bg1 Rfe8
28. Nh2 Nxh2 29. Kxh2 g6 30. c4 Bc6 31. Be3 Rab8 32. Qf2 Be4 33. Be2 bxc4 34.
Bxc4 d5 35. Be2 Rec8 36. Rc5 Be7 37. Rfc1 Bxc5 38. dxc5 Rc6 39. Bd2 Rd8 40. Bc3
d4 41. Bxd4 Qb4 42. Bc4 h5 43. Qb2 Kh7 44. a3 Qb7 45. b4 Rc7 46. Be5 Rcd7 47.
Bd6 Rxd6 48. cxd6 Rxd6 49. Be2 Rc6 50. Rxc6 Qxc6 51. b5 Qb6 52. Bf1 axb5 53.
Bxb5 Qe3 54. Bf1 e5 55. Qa2 Kh6 56. Qb2 Kh7 57. Qa2 Kh6 1/2-1/2

[Event "Eesti mv 2003"]
[Site "?"]
[Date "2003.05.17"]
[Round "1.2"]
[White "Lauk, Ülar"]
[Black "Koskre, Raivo"]
[Result "1-0"]
[WhiteElo "2370"]
[BlackElo "2085"]
[PlyCount "71"]

1. e4 e5 2. Nf3 Nc6 3. Bb5 a6 4. Ba4 Nf6 5. O-O d6 6. c3 Bg4 7. d3 h6 8. Nbd2
b5 9. Bc2 g5 10. Re1 Bh5 11. Nf1 g4 12. Nh4 g3 13. Qd2 gxh2+ 14. Kh1 Nxe4 15.
dxe4 Qxh4 16. Qd5 Kd7 17. Ng3 Rb8 18. a4 Ne7 19. Qd3 Bg4 20. axb5 axb5 21. Ra5
Qf6 22. Be3 c6 23. f3 Bxf3 24. Qf1 Bxg2+ 25. Qxg2 Qe6 26. Ra7+ Ke8 27. Kxh2 b4
28. Nf5 bxc3 29. Rxe7+ Bxe7 30. Ng7+ Kd7 31. Nxe6 Rxb2 32. Ng7 Bg5 33. Re2 Ra8
34. Bxg5 hxg5 35. Qh3+ Kc7 36. Qxc3 1-0

[Event "Eesti mv 2003"]
[Site "?"]
[Date "2003.05.17"]
[Round "1.2"]
[White "Vovk, Ilja"]
[Black "Shishkov, Andrei"]
[Result "0-1"]
[WhiteElo "2105"]
[BlackElo "2369"]
[PlyCount "110"]

1. e4 c5 2. Nf3 d6 3. d4 cxd4 4. Nxd4 Nf6 5. Nc3 a6 6. Bc4 e6 7. Bb3 b5 8. a3
Be7 9. Be3 O-O 10. Qe2 Bb7 11. f3 Nbd7 12. g4 Nc5 13. Ba2 Rc8 14. O-O-O Qa5 15.
h4 b4 16. axb4 Qxb4 17. h5 Rb8 18. g5 Nfd7 19. g6 Ba8 20. h6 fxg6 21. Nxe6
Qxb2+ 22. Kd2 Rb3 23. Bd4 Rxc3 24. Bxc3 Qxa2 25. Nxf8 Bxf8 26. hxg7 Bxg7 27.
Bxg7 Kxg7 28. Qh2 Nf6 29. Ke1 Qa5+ 30. Kf1 Qc3 31. Qf4 Ne6 32. Qh6+ Kf7 33. Rd3
Qxc2 34. Rxd6 Qc4+ 35. Ke1 Nd4 36. Rxf6+ Kxf6 37. Qf8+ Ke5 38. Qb8+ Kf6 39.
Qh8+ Kg5 40. Qd8+ Kf4 41. Rh4+ Ke5 42. Qb8+ Kf6 43. Qh8+ Ke7 44. Rxh7+ Kd6 45.
Qf8+ Ke5 46. Qb8+ Kf6 47. Qd8+ Ke5 48. Qg5+ Kd6 49. Qe7+ Kc6 50. Qd7+ Kc5 51.
Qe7+ Kb5 52. Qe8+ Bc6 53. Qb8+ Ka4 54. Kd2 Qe2+ 55. Kc3 Nb5+ 0-1

[Event "Eesti mv 2003"]
[Site "?"]
[Date "2003.05.17"]
[Round "1.2"]
[White "Danilov, Nikolai"]
[Black "Siil, Marko"]
[Result "1/2-1/2"]
[WhiteElo "2344"]
[BlackElo "2108"]
[PlyCount "144"]

1. d4 Nf6 2. Nf3 d5 3. c4 e6 4. Bg5 Be7 5. e3 h6 6. Bh4 O-O 7. Nc3 c6 8. cxd5
Nxd5 9. Bg3 c5 10. Bd3 cxd4 11. exd4 Bd6 12. O-O Bxg3 13. hxg3 Nc6 14. Rc1 Nf6
15. Bb1 Qa5 16. Qe2 Qh5 17. Qd3 g6 18. Ne4 Ng4 19. Nh4 f5 20. Nd2 Rd8 21. Rfe1
Rxd4 22. Qc3 g5 23. Nhf3 Rd8 24. Nf1 Qf7 25. Ne3 Nf6 26. b4 Nd5 27. Nxd5 Rxd5
28. a4 g4 29. Nd2 Qg7 30. Qe3 Qg5 31. Nf1 Qxe3 32. Nxe3 Rd7 33. Ba2 Rf7 34. b5
Nd4 35. Rcd1 Rd7 36. Nxf5 Ne2+ 37. Kf1 Rxd1 38. Rxd1 Nc3 39. Rd8+ Kh7 40. Nd6
Nxa2 41. Nxc8 Nc3 42. Rd7+ Kg6 43. Ne7+ Kf6 44. Rxb7 Nxa4 45. Nc6 a6 46. b6 Rc8
47. Na7 Ra8 48. Nc6 Rc8 49. Nb4 a5 50. Nd3 Rc6 51. Ra7 Nxb6 52. Rxa5 Nd5 53.
Ke2 Rc4 54. Kd2 Rd4 55. Rb5 Nc7 56. Rb3 Nd5 57. f3 gxf3 58. gxf3 e5 59. Rb5 h5
60. Rb3 e4 61. fxe4 Rxe4 62. Nf2 Rd4+ 63. Ke2 h4 64. g4 h3 65. Kf3 h2 66. Kg2
Rd2 67. Rf3+ Kg5 68. Rf5+ Kg6 69. Kxh2 Ne3 70. Rf4 Rxf2+ 71. Rxf2 Nxg4+ 72. Kh1
Nxf2+ 1/2-1/2

[Event "Eesti mv 2003"]
[Site "?"]
[Date "2003.05.17"]
[Round "1.2"]
[White "Krupenski, Igor"]
[Black "Bashkite, Viktoria"]
[Result "1/2-1/2"]
[WhiteElo "2318"]
[BlackElo "2128"]
[PlyCount "171"]

1. c4 e5 2. Nc3 Nc6 3. Nf3 g6 4. g3 Bg7 5. Bg2 f5 6. O-O Nf6 7. d3 O-O 8. e4 d6
9. h3 fxe4 10. dxe4 Be6 11. b3 Kh8 12. Be3 Qd7 13. Ng5 Bg8 14. Qd2 h6 15. Nf3
Kh7 16. Kh2 Rae8 17. Nh4 Nh5 18. Rae1 Nf4 19. gxf4 exf4 20. Bxf4 Rxf4 21. Nf3
Qf7 22. Re3 Ne5 23. Nxe5 Bxe5 24. Kg1 g5 25. Ne2 Rf6 26. Qd5 c6 27. Qxf7+ Bxf7
28. Rd3 Bh5 29. f3 Ref8 30. Nd4 Bg6 31. Nc2 Bf7 32. Ne3 Be6 33. Ng4 Bxg4 34.
fxg4 Rxf1+ 35. Bxf1 Rf4 36. Bg2 Kg7 37. Bf3 Kf6 38. Kf2 c5 39. Rd5 Ke6 40. Ke2
Rf8 41. Rd1 Kd7 42. Rh1 Rb8 43. h4 gxh4 44. Rxh4 Bf4 45. a4 a6 46. Rh3 b5 47.
axb5 axb5 48. cxb5 Rxb5 49. Bg2 Ke6 50. Rd3 Kf6 51. Bf1 Rb4 52. Kf3 Kg5 53.
Rd5+ Be5 54. Rd3 Rb8 55. Be2 Rf8+ 56. Kg2 Bd4 57. Bf3 Ra8 58. Kh3 Ra2 59. Bg2
Be5 60. Rf3 Bf4 61. Rd3 Re2 62. Rd5+ Be5 63. Rd3 Kf4 64. Bf3 Re3 65. Rxe3 Kxe3
66. Bg2 Kd3 67. Bf3 Kc2 68. Kg2 Kxb3 69. Kf2 c4 70. Bd1+ Kc3 71. Ke3 Bd4+ 72.
Ke2 Bf6 73. Ba4 Bg5 74. Kd1 Kd3 75. Bb5 Kc3 76. Ba4 Kd4 77. Bb5 c3 78. Kc2 Bf6
79. Bd7 Kxe4 80. Bc8 d5 81. Bd7 d4 82. Bf5+ Ke3 83. Bg6 Kf4 84. Bf5 Bh4 85. Kd3
Kf3 86. Kc2 1/2-1/2

[Event "Eesti mv 2003"]
[Site "?"]
[Date "2003.05.17"]
[Round "1.2"]
[White "Kolk, Marek"]
[Black "Vooremaa, Andres"]
[Result "1/2-1/2"]
[WhiteElo "2134"]
[BlackElo "2300"]
[PlyCount "118"]

1. c4 Nf6 2. Nc3 g6 3. g3 Bg7 4. Bg2 O-O 5. e3 d6 6. Nge2 c6 7. O-O e5 8. d4
Re8 9. b3 Nbd7 10. Bb2 Nf8 11. Qd2 e4 12. d5 c5 13. Qc2 Bf5 14. h3 h5 15. Nb1
N8h7 16. Nd2 Ng5 17. Nf4 Qe7 18. h4 Ngh7 19. Rac1 Nd7 20. Bxg7 Kxg7 21. a3 Nhf6
22. Bh3 Bxh3 23. Nxh3 Qe5 24. Ng5 Re7 25. Rb1 Rc8 26. Kg2 Qf5 27. Qd1 Qg4 28.
Qxg4 hxg4 29. Ra1 Nf8 30. Nb1 N8h7 31. Nxh7 Kxh7 32. Nc3 a6 33. Rfc1 Kg7 34.
Rab1 Rec7 35. Kf1 Kf8 36. Ke2 Ke7 37. Kd2 a5 38. Nb5 Rd7 39. b4 axb4 40. axb4
cxb4 41. Rxb4 Ra8 42. Rc2 Kd8 43. Kc3 Ra1 44. Rbb2 Kc8 45. Rb4 Ne8 46. Kb2 Ra5
47. c5 dxc5 48. Rxc5+ Kd8 49. Rbc4 f5 50. Kc3 b6 51. Rc8+ Ke7 52. d6+ Nxd6 53.
Nxd6 Rxd6 54. R4c7+ Ke6 55. Re8+ Kd5 56. Rce7 Ra2 57. Re5+ Kc6 58. Rc8+ Kb7 59.
Rg8 Rd3+ 1/2-1/2

[Event "Eesti mv 2003"]
[Site "?"]
[Date "2003.05.17"]
[Round "1.2"]
[White "Sööt, Margus"]
[Black "Vassiljev, Igor"]
[Result "1/2-1/2"]
[WhiteElo "2147"]
[BlackElo "2292"]
[PlyCount "47"]

1. d4 Nf6 2. c4 e6 3. Nf3 d5 4. e3 c5 5. cxd5 Nxd5 6. Be2 Nc6 7. O-O Be7 8.
dxc5 Bxc5 9. b3 O-O 10. Bb2 Qb6 11. Nbd2 a5 12. Bc4 Rd8 13. Qe2 Bd7 14. Ne4 Bf8
15. Rfd1 a4 16. Nfg5 h6 17. Nxf7 Kxf7 18. Rxd5 exd5 19. Qh5+ Ke7 20. Qh4+ g5
21. Bf6+ Ke6 22. Qg4+ Kf7 23. Qh5+ Ke6 24. Qg4+ 1/2-1/2

[Event "Eesti mv 2003"]
[Site "?"]
[Date "2003.05.17"]
[Round "1.2"]
[White "Siemer, Tambet"]
[Black "Kovaljov, Deniss"]
[Result "0-1"]
[WhiteElo "2155"]
[BlackElo "2289"]
[PlyCount "56"]

1. d4 Nf6 2. c4 g6 3. Nc3 Bg7 4. e4 d6 5. Nf3 O-O 6. Be2 e5 7. dxe5 dxe5 8.
Qxd8 Rxd8 9. Bg5 Re8 10. Rd1 Nc6 11. O-O Bg4 12. Bxf6 Bxf6 13. Nd5 Bd8 14. Ne3
Be6 15. Rfe1 f5 16. exf5 gxf5 17. Nd5 Bf7 18. h4 h6 19. g3 e4 20. Nh2 Ne5 21.
Ne3 Be6 22. Nhf1 c6 23. b3 Ba5 24. Nd2 Rad8 25. Nef1 Nd3 26. Bxd3 Rxd3 27. f3
Red8 28. fxe4 Bxd2 0-1

[Event "Eesti mv 2003"]
[Site "?"]
[Date "2003.05.17"]
[Round "1.2"]
[White "Jänes, Taivo"]
[Black "Jeremejev, Artjom"]
[Result "0-1"]
[WhiteElo "2276"]
[BlackElo "2155"]
[PlyCount "80"]

1. Nf3 d5 2. g3 c5 3. Bg2 Nc6 4. d4 Bf5 5. O-O e6 6. c3 Nf6 7. Nbd2 cxd4 8.
Nxd4 Bg6 9. Nxc6 bxc6 10. Qa4 Qd7 11. e4 h5 12. Re1 Bc5 13. exd5 cxd5 14. Qxd7+
Kxd7 15. Nb3 Bd6 16. Be3 a5 17. Bd4 Rhc8 18. Nd2 Rab8 19. b3 Ba3 20. c4 Bb4 21.
Re2 Bd3 22. Re3 dxc4 23. Nxc4 Bxc4 24. bxc4 Rxc4 25. Bxf6 gxf6 26. Rd1+ Ke7 27.
Re2 h4 28. Bf1 Rbc8 29. Rd3 Rc1 30. gxh4 R8c4 31. h5 Rh4 32. h3 Rxh5 33. Kg2
Bd6 34. Red2 Rg5+ 35. Kf3 Bb4 36. Rd1 Rc2 37. Rd7+ Kf8 38. Bd3 Rxa2 39. Rc1 Bc5
40. Rc2 Ra3 0-1

[Event "Eesti mv 2003"]
[Site "?"]
[Date "2003.05.17"]
[Round "1.2"]
[White "Kortsahagin, Oleg"]
[Black "Kuusk, Andres"]
[Result "0-1"]
[WhiteElo "2252"]
[BlackElo "2162"]
[PlyCount "86"]

1. d4 Nf6 2. c4 g6 3. Nc3 Bg7 4. e4 d6 5. Nf3 O-O 6. Be2 Nbd7 7. O-O e5 8. Be3
a6 9. dxe5 dxe5 10. Nd2 c6 11. c5 Qe7 12. b4 Ne8 13. Nc4 f5 14. Qb3 Kh8 15.
exf5 gxf5 16. f4 e4 17. Rad1 Ndf6 18. Ne5 Be6 19. Bc4 Bxc4 20. Qxc4 Nc7 21. Rd6
Ncd5 22. Bd4 Rad8 23. Ne2 Ne8 24. Rxd8 Qxd8 25. Ng3 Kg8 26. a4 Nec7 27. Ne2 Qe7
28. Rb1 Kh8 29. Rb3 Nxf4 30. Nxf4 Bxe5 31. Rh3 Bxd4+ 32. Qxd4+ Qf6 33. Qd7 Qg7
34. Qd6 Rg8 35. Rh6 Qa1+ 36. Kf2 Qb2+ 37. Kf1 Nd5 38. Nxd5 Qxg2+ 39. Ke1 Qg1+
40. Kd2 Qd4+ 41. Kc2 Rg2+ 42. Kb3 Qb2+ 43. Kc4 Rc2+ 0-1

[Event "Eesti mv 2003"]
[Site "?"]
[Date "2003.05.17"]
[Round "1.2"]
[White "Reimaa, Sven"]
[Black "Dubrovin, Robert"]
[Result "1-0"]
[WhiteElo "2167"]
[BlackElo "2251"]
[PlyCount "75"]

1. a3 g6 2. d4 Bg7 3. e4 d6 4. Bc4 c6 5. Ne2 Nf6 6. Nbc3 O-O 7. O-O Nbd7 8. f3
a6 9. Be3 b5 10. Bb3 Bb7 11. Qd2 c5 12. Rac1 Qc7 13. Nd1 c4 14. Ba2 a5 15. c3
e5 16. Nf2 Rfd8 17. Bg5 d5 18. dxe5 Nxe5 19. Nd4 dxe4 20. fxe4 Qb6 21. Qf4 Re8
22. Bb1 Nfd7 23. Bh6 f6 24. Bxg7 Kxg7 25. Kh1 b4 26. axb4 axb4 27. Ng4 Nxg4 28.
Qxg4 Ne5 29. Qg3 Rad8 30. h4 bxc3 31. bxc3 h5 32. Bc2 Ba6 33. Ba4 Ra8 34. Rb1
Qa5 35. Rxf6 Ng4 36. Rxa6 Nf2+ 37. Qxf2 Qxa6 38. Bc6 1-0

[Event "Eesti mv 2003"]
[Site "?"]
[Date "2003.05.17"]
[Round "1.2"]
[White "Garber, Vjatseslav"]
[Black "Jemeljanov, Anatoli"]
[Result "1/2-1/2"]
[WhiteElo "2241"]
[BlackElo "2174"]
[PlyCount "45"]

1. d4 Nf6 2. c4 g6 3. g3 Bg7 4. Bg2 O-O 5. Nc3 d6 6. Nf3 c6 7. O-O a6 8. a4 a5
9. Bf4 Nh5 10. Be3 f5 11. Qd2 Be6 12. d5 Bf7 13. Ng5 Qd7 14. Bd4 Nf6 15. Nxf7
Rxf7 16. e4 fxe4 17. Nxe4 Nxe4 18. Bxe4 Bxd4 19. Qxd4 c5 20. Qe3 Qe8 21. Bg2
Nd7 22. Bh3 Nf8 23. Be6 1/2-1/2

[Event "Eesti mv 2003"]
[Site "?"]
[Date "2003.05.17"]
[Round "1.2"]
[White "Peleshev, Leonid"]
[Black "Lelumees, Brait"]
[Result "1-0"]
[WhiteElo "2176"]
[BlackElo "2239"]
[PlyCount "45"]

1. e4 c5 2. Nf3 d6 3. d4 cxd4 4. Nxd4 Nf6 5. Nc3 e6 6. g4 Be7 7. g5 Nfd7 8. h4
a6 9. Be3 b5 10. a3 Nb6 11. Qd2 Bd7 12. O-O-O Nc6 13. Nxc6 Bxc6 14. Qd4 Rb8 15.
Qxg7 Rf8 16. Qxh7 a5 17. Bd3 b4 18. axb4 axb4 19. Ne2 Na4 20. Nd4 Bd7 21. g6
fxg6 22. Qxg6+ Rf7 23. Nxe6 1-0

[Event "Eesti mv 2003"]
[Site "?"]
[Date "2003.05.17"]
[Round "1.2"]
[White "Kukk, Raul"]
[Black "Vaher, Andres"]
[Result "1-0"]
[WhiteElo "2233"]
[BlackElo "2184"]
[PlyCount "79"]

1. c4 Nf6 2. Nc3 c6 3. d4 d5 4. Nf3 e6 5. cxd5 exd5 6. Bg5 Be7 7. e3 O-O 8. Be2
h6 9. Bh4 Bf5 10. O-O Nbd7 11. a3 a5 12. Rc1 Re8 13. h3 Bd6 14. Bd3 Bxd3 15.
Bxf6 Qxf6 16. Qxd3 a4 17. Rfd1 Qe6 18. Nd2 f5 19. Re1 Qf6 20. f4 Nb6 21. Nf3
Nc4 22. Rc2 g6 23. g4 Re7 24. Rg2 Kh7 25. Ree2 b5 26. Rg3 Rae8 27. Ne5 Bxe5 28.
dxe5 Qe6 29. Reg2 Rf8 30. Qd4 Rb8 31. Qc5 Rc7 32. gxf5 gxf5 33. Rg6 Qxg6 34.
Rxg6 Kxg6 35. Nxd5 Rg7 36. Qxc6+ Kh7+ 37. Kf2 Nxb2 38. Qc2 Nc4 39. Qxf5+ Kh8
40. Nf6 1-0

[Event "Eesti mv 2003"]
[Site "?"]
[Date "2003.05.17"]
[Round "1.2"]
[White "Sabinov, Aleksander"]
[Black "Elmaste, Gert"]
[Result "1/2-1/2"]
[WhiteElo "2187"]
[BlackElo "2230"]
[PlyCount "76"]

1. d4 c6 2. Nf3 d5 3. Bf4 Bf5 4. Nbd2 Nf6 5. e3 e6 6. Ne5 Nbd7 7. g4 Nxe5 8.
gxf5 Ned7 9. fxe6 fxe6 10. Bh3 Qe7 11. Nf3 Ne4 12. c3 g5 13. Be5 Rg8 14. Nd2
Nxd2 15. Qh5+ Rg6 16. Kxd2 Nxe5 17. dxe5 O-O-O 18. Kc2 Bg7 19. f4 gxf4 20. exf4
Qf7 21. Qh4 d4 22. Rad1 d3+ 23. Rxd3 Rxd3 24. Kxd3 Bxe5 25. Rf1 Bf6 26. Qe1 Bg7
27. Qe3 Kb8 28. Re1 e5 29. fxe5 Qxa2 30. Kc2 Qa4+ 31. Kb1 Qh4 32. e6 Bf6 33. e7
Bxe7 34. Qxe7 Qxh3 35. Qf8+ Kc7 36. Qf4+ Kb6 37. Qb4+ Kc7 38. Qf4+ Kb6 1/2-1/2

[Event "Eesti mv 2003"]
[Site "?"]
[Date "2003.05.17"]
[Round "1.2"]
[White "Pärnits, Rauno"]
[Black "Karjakin, Sergei"]
[Result "1/2-1/2"]
[WhiteElo "2207"]
[BlackElo "2228"]
[PlyCount "112"]

1. e4 c5 2. g3 d5 3. exd5 Qxd5 4. Nf3 Bg4 5. Bg2 Qe6+ 6. Kf1 Nc6 7. h3 Bh5 8.
d3 Nf6 9. Be3 c4 10. Nc3 Rd8 11. d4 Qd7 12. g4 Bg6 13. Qe2 e6 14. Rd1 Be7 15.
Ne5 Qc8 16. Nxg6 hxg6 17. Qxc4 Kf8 18. a3 Qb8 19. Ke2 Rc8 20. Qa4 a6 21. Rd2
Kg8 22. d5 Ne5 23. Bf4 Bd6 24. dxe6 fxe6 25. Qd4 Bc7 26. Bxe5 Bxe5 27. Qe3 Kh7
28. Rd3 Rhf8 29. Kd1 Bf4 30. Qe2 b5 31. b4 a5 32. h4 axb4 33. axb4 Qa7 34. Ke1
Rxc3 35. g5 Rxd3 36. Qxd3 Qa1+ 37. Ke2 Qe5+ 38. Kf1 Nh5 39. Kg1 Qe1+ 40. Qf1
Qxb4 41. Bf3 e5 42. Qd3 Qc4 43. Qd1 e4 44. Bxh5 gxh5 45. Qxh5+ Kg8 46. g6 Bh6
47. Rh3 Qd4 48. Re3 Rxf2 49. c3 Qb6 50. Qd5+ Kf8 51. Qa8+ Ke7 52. Qxe4+ Kf6 53.
Qe7+ Kf5 54. Qe4+ Kf6 55. Qe7+ Kf5 56. Qe4+ Kf6 1/2-1/2

[Event "Eesti mv 2003"]
[Site "?"]
[Date "2003.05.17"]
[Round "1.2"]
[White "Luik, Helmut"]
[Black "Vaher, Eino"]
[Result "1/2-1/2"]
[WhiteElo "2227"]
[BlackElo "2225"]
[PlyCount "51"]

1. d4 d5 2. c4 e6 3. Nf3 Nf6 4. Bg5 Be7 5. e3 O-O 6. Nc3 Nbd7 7. Bd3 a6 8. O-O
dxc4 9. Bxc4 b5 10. Be2 c5 11. a4 b4 12. Nb1 a5 13. Nbd2 Bb7 14. Rc1 Rc8 15.
Bb5 h6 16. Bh4 cxd4 17. exd4 Rxc1 18. Qxc1 Bd5 19. Qc2 Nb6 20. Ne5 Qa8 21. f3
Rc8 22. Qd3 Rc7 23. Bg3 Rc8 24. Bh4 Rc7 25. Bg3 Rc8 26. Bh4 1/2-1/2

[Event "Eesti mv 2003"]
[Site "?"]
[Date "2003.05.18"]
[Round "2.1"]
[White "Luik, Helmut"]
[Black "Külaots, Kaido"]
[Result "0-1"]
[WhiteElo "2227"]
[BlackElo "2351"]
[PlyCount "100"]

1. d4 Nf6 2. Nf3 e6 3. Bg5 c5 4. e3 Be7 5. c3 b6 6. Nbd2 Bb7 7. Bd3 Nc6 8. O-O
h6 9. Bh4 O-O 10. Qe2 cxd4 11. Bxf6 Bxf6 12. exd4 Qc7 13. Rfe1 Be7 14. Nf1 Qf4
15. Ba6 Bxa6 16. Qxa6 d5 17. Qd3 Bd6 18. Re2 Rab8 19. Rae1 b5 20. Ng3 b4 21. c4
dxc4 22. Qxc4 Rbc8 23. Qd3 Rfd8 24. Re4 Qf6 25. Qa6 Ne7 26. h3 Bxg3 27. fxg3
Nd5 28. R1e2 Qe7 29. Kh2 Qc7 30. Ne5 Rd6 31. Qd3 Qc1 32. Rf2 Rc7 33. Rg4 f5 34.
Rg6 Ne7 35. g4 Nxg6 36. Nxg6 Qc4 37. Qg3 Qxd4 38. gxf5 exf5 39. Rxf5 Rf7 40.
Nh4 Rdf6 41. Rxf6 Rxf6 42. Qb3+ Kh8 43. Nf3 Qf4+ 44. Kg1 Rd6 45. Qc2 Qe3+ 46.
Kh2 Qe6 47. b3 Rc6 48. Qf2 Qd6+ 49. Kh1 Rc1+ 50. Ng1 Qc5 0-1

[Event "Eesti mv 2003"]
[Site "?"]
[Date "2003.05.18"]
[Round "2.1"]
[White "Rõtshagov, Mihhail"]
[Black "Pärnits, Rauno"]
[Result "1-0"]
[WhiteElo "2520"]
[BlackElo "2207"]
[PlyCount "87"]

1. e4 e5 2. Nf3 Nf6 3. Nxe5 d6 4. Nf3 Nxe4 5. d4 d5 6. Bd3 Be7 7. O-O O-O 8. c4
c6 9. Qc2 Nf6 10. h3 Na6 11. a3 Nc7 12. c5 Ne6 13. Be3 g6 14. Nbd2 Ng7 15. Bh6
Bf5 16. Bxf5 Nxf5 17. Bxf8 Bxf8 18. b4 h5 19. Qd3 h4 20. b5 Nh5 21. bxc6 bxc6
22. Qa6 Qf6 23. Nb3 Nf4 24. Rfe1 Nh6 25. Qb7 Rd8 26. Qc7 Bg7 27. Re3 Nf5 28.
Qxf4 Nxe3 29. Qxf6 Bxf6 30. fxe3 Re8 31. Kf2 Bd8 32. Rb1 g5 33. Nbd2 f6 34. Rb7
a5 35. a4 Re7 36. Rb8 Rd7 37. Rc8 Kf7 38. Rxc6 Rb7 39. Rc8 Ke7 40. c6 Rc7 41.
Rxc7+ Bxc7 42. e4 Kd6 43. e5+ fxe5 44. Nxe5 1-0

[Event "Eesti mv 2003"]
[Site "?"]
[Date "2003.05.18"]
[Round "2.1"]
[White "Gogin, Ruslan"]
[Black "Kanep, Meelis"]
[Result "0-1"]
[WhiteElo "2230"]
[BlackElo "2454"]
[PlyCount "100"]

1. d4 Nf6 2. Nf3 e6 3. c4 d5 4. Nc3 Bb4 5. Bg5 h6 6. Bxf6 Qxf6 7. Qa4+ Nc6 8.
Ne5 O-O 9. Nxc6 Bxc3+ 10. bxc3 Bd7 11. cxd5 exd5 12. e3 a6 13. Be2 b5 14. Qb3
Qxc6 15. O-O Qd6 16. Bf3 Bc6 17. Qb4 Rfc8 18. Rab1 a5 19. Qc5 Rab8 20. Rfd1 Kf8
21. Rd2 Rb7 22. a3 Ke7 23. Re1 Rd8 24. e4 dxe4 25. Bxe4 Bxe4 26. Qf5 Kf8 27.
Qxe4 Qe6 28. Qxe6 fxe6 29. Rb2 Ke7 30. f4 Rd5 31. Re4 Rb6 32. Kf2 Rc6 33. Re3
Kd7 34. Ke2 Rc4 35. Kd3 Ra4 36. Rb3 c5 37. Kc2 c4 38. Rb2 Rxa3 39. Rg3 g5 40.
fxg5 hxg5 41. Rf3 Kc6 42. Rf8 a4 43. Re8 Kd7 44. Rg8 Rf5 45. g4 Rf2+ 46. Kb1
Rb3 47. Rxb3 cxb3 48. Ra8 Kc6 49. c4 bxc4 50. Rxa4 Kb5 0-1

[Event "Eesti mv 2003"]
[Site "?"]
[Date "2003.05.18"]
[Round "2.1"]
[White "Sepp, Olav"]
[Black "Sabinov, Aleksander"]
[Result "1-0"]
[WhiteElo "2456"]
[BlackElo "2187"]
[PlyCount "83"]

1. e4 g6 2. d4 Bg7 3. Nc3 d6 4. Nf3 a6 5. Be3 Nf6 6. Qd2 O-O 7. Bd3 Nc6 8. h3
e5 9. O-O-O b5 10. Rhe1 exd4 11. Nxd4 Nxd4 12. Bxd4 c5 13. Be3 c4 14. Bf1 b4
15. Nd5 Nxe4 16. Qxb4 Bf5 17. Bb6 a5 18. Qa3 Bh6+ 19. Kb1 Qb8 20. Ne7+ Kh8 21.
Bd4+ f6 22. Nxf5 gxf5 23. f3 Nd2+ 24. Ka1 Qb4 25. Qc3 Nxf1 26. Rxf1 Rae8 27. a3
Qxc3 28. Bxc3 Re2 29. g4 Rxc2 30. Rxd6 Rh2 31. h4 Bf4 32. Rxf6 Rxf6 33. Bxf6+
Kg8 34. gxf5 Kf7 35. Bc3 a4 36. Rd1 Rxh4 37. Rd7+ Ke8 38. Ra7 Be3 39. Rxa4 Rf4
40. f6 h5 41. Ra5 h4 42. Re5+ 1-0

[Event "Eesti mv 2003"]
[Site "?"]
[Date "2003.05.18"]
[Round "2.1"]
[White "Garber, Vjatseslav"]
[Black "Shvõrjov, Igor"]
[Result "0-1"]
[WhiteElo "2241"]
[BlackElo "2393"]
[PlyCount "110"]

1. c4 g6 2. Nc3 Bg7 3. d4 d6 4. g3 c6 5. Bg2 Nf6 6. Nf3 O-O 7. O-O Bf5 8. h3
Ne4 9. Qb3 Nxc3 10. Qxc3 Be4 11. Be3 Nd7 12. Qd2 Qb6 13. Rfd1 Qa6 14. Rdc1 d5
15. cxd5 Bxd5 16. Bf1 Nb6 17. Bh6 Bxh6 18. Qxh6 Bxf3 19. exf3 Qa4 20. Qg5 e6
21. Qc5 Rfd8 22. Rd1 Rd5 23. b3 Rxc5 24. dxc5 Qb4 25. cxb6 Qxb6 26. Rd7 Rd8 27.
Rad1 Rxd7 28. Rxd7 a5 29. Rd2 Kf8 30. Kg2 Ke7 31. Rc2 Qb4 32. Bc4 Kd6 33. Kf1
b5 34. Bd3 a4 35. bxa4 Qxa4 36. Ke2 c5 37. Rd2 Kc7 38. Rb2 c4 39. Bc2 Qa5 40.
Bd1 Kc6 41. f4 Kc5 42. h4 Qa8 43. Kd2 Qa3 44. Rc2 Kd4 45. Be2 Qb4+ 46. Kc1 Qe1+
47. Bd1 Kd3 48. a3 h6 49. Ra2 Qc3+ 50. Kb1 Kd4 51. Rb2 Qd3+ 52. Bc2 Qf1+ 53.
Ka2 Qxf2 54. Bb1 Qxg3 55. Rxb5 Qxh4 0-1

[Event "Eesti mv 2003"]
[Site "?"]
[Date "2003.??.??"]
[Round "2.1"]
[White "Lauk, Ülar"]
[Black "Etruk, Rein"]
[Result "1/2-1/2"]
[WhiteElo "2370"]
[BlackElo "2263"]
[PlyCount "65"]

1. e4 d6 2. d4 Nf6 3. Nc3 g6 4. f4 Bg7 5. Nf3 O-O 6. Bd3 Nc6 7. e5 dxe5 8. fxe5
Nd5 9. Nxd5 Qxd5 10. c3 Bg4 11. Qe2 Kh8 12. O-O f6 13. exf6 exf6 14. Bf4 Qd7
15. Rae1 Rae8 16. Qf2 Ne7 17. Bc4 Nd5 18. Bd2 c6 19. Qg3 Be6 20. Bd3 Bf7 21. c4
Nc7 22. Rd1 b5 23. b3 bxc4 24. bxc4 Ne6 25. Bb4 c5 26. dxc5 Qa4 27. Qe1 a5 28.
Bxa5 Nf4 29. Qb4 Qxb4 30. Bxb4 Nxd3 31. Rxd3 Bxc4 32. Rd6 Bxf1 33. Kxf1 1/2-1/2

[Event "Eesti mv 2003"]
[Site "?"]
[Date "2003.??.??"]
[Round "2.1"]
[White "Jeremejev, Artjom"]
[Black "Shishkov, Andrei"]
[Result "1/2-1/2"]
[WhiteElo "2155"]
[BlackElo "2369"]
[PlyCount "148"]

1. e4 c5 2. Nf3 d6 3. c3 Nf6 4. Be2 Bg4 5. O-O e6 6. d3 Nc6 7. h3 Bh5 8. Nh2
Bxe2 9. Qxe2 d5 10. Bg5 Be7 11. f4 dxe4 12. dxe4 O-O 13. Bxf6 Bxf6 14. e5 Be7
15. Nd2 Qc7 16. Ne4 b6 17. Rad1 Rad8 18. Ng4 Rxd1 19. Rxd1 Rd8 20. Rf1 Qd7 21.
Ngf6+ gxf6 22. Qg4+ Kh8 23. exf6 Rg8 24. Qh5 Qd3 25. Re1 Bxf6 26. Nxf6 Qg6 27.
Qxg6 Rxg6 28. Ne4 Rg8 29. Rd1 Rd8 30. Rxd8+ Nxd8 31. Kf2 f5 32. Ng5 Kg7 33. g4
Kg6 34. Nf3 Nc6 35. Ke3 h6 36. a3 Kf6 37. g5+ Kg6 38. h4 Kh5 39. b4 Ne7 40. c4
cxb4 41. axb4 a5 42. bxa5 bxa5 43. Nd4 hxg5 44. hxg5 e5 45. fxe5 Kxg5 46. Kf3
a4 47. Ne6+ Kg6 48. Nf4+ Kf7 49. Ne2 a3 50. Nc1 Ke6 51. Ke3 Kxe5 52. Kd3 f4 53.
Kc3 f3 54. Nd3+ Ke4 55. Nf2+ Ke3 56. Ng4+ Ke2 57. c5 Nc6 58. Kb3 Ne5 59. Ka2
Nxg4 60. c6 f2 61. c7 f1=Q 62. c8=Q Qf7+ 63. Kxa3 Qa7+ 64. Kb4 Qb6+ 65. Kc3 Ne3
66. Qd7 Qc5+ 67. Kb3 Qc4+ 68. Ka3 Nc2+ 69. Kb2 Nd4 70. Qg4+ Ke3 71. Qg5+ Ke2
72. Qg4+ Kd2 73. Qf4+ Kd1 74. Qg4+ Qe2+ 1/2-1/2

[Event "Eesti mv 2003"]
[Site "?"]
[Date "2003.??.??"]
[Round "2.1"]
[White "Siil, Marko"]
[Black "Kovaljov, Deniss"]
[Result "0-1"]
[WhiteElo "2108"]
[BlackElo "2289"]
[PlyCount "64"]

1. d4 Nf6 2. Nc3 d5 3. Bg5 Bf5 4. f3 Bg6 5. e3 e6 6. Bd3 c5 7. Nge2 Nc6 8. O-O
Be7 9. Na4 cxd4 10. exd4 O-O 11. Bxg6 hxg6 12. c3 Ne8 13. Bf4 e5 14. Bg3 Nd6
15. Bf2 e4 16. fxe4 Nxe4 17. Nf4 Bd6 18. Nxd5 Bxh2+ 19. Kxh2 Qxd5 20. Qf3 b6
21. b3 f5 22. Rad1 g5 23. Rfe1 Qd6+ 24. Kg1 g4 25. Qd3 Rf6 26. Be3 Re8 27. Bc1
Kh7 28. g3 g5 29. Kg2 Kg6 30. c4 Nb4 31. Rxe4 Rxe4 32. Qc3 Nxa2 0-1

[Event "Eesti mv 2003"]
[Site "?"]
[Date "2003.??.??"]
[Round "2.1"]
[White "Neff, Sergei"]
[Black "Ilves, Jüri"]
[Result "1-0"]
[WhiteElo "2290"]
[BlackElo "2117"]
[PlyCount "59"]

1. d4 Nf6 2. c4 d6 3. Nc3 c6 4. Nf3 Bf5 5. Nh4 Bd7 6. e4 e5 7. Nf3 Qc7 8. Be2
Be7 9. O-O O-O 10. h3 a5 11. Bg5 Na6 12. c5 exd4 13. cxd6 Bxd6 14. Bxf6 gxf6
15. Qxd4 Be5 16. Nxe5 fxe5 17. Qe3 Kh8 18. Rac1 Qd8 19. f4 Qe7 20. f5 Qc5 21.
Nd5 Qxe3+ 22. Nxe3 b5 23. Rfd1 Ra7 24. Rd6 f6 25. Bh5 Kg7 26. Kf2 Nb8 27. Ng4
a4 28. Rc3 Be8 29. Bxe8 Rxe8 30. Nxf6 1-0

[Event "Eesti mv 2003"]
[Site "?"]
[Date "2003.??.??"]
[Round "2.1"]
[White "Krupenski, Igor"]
[Black "Sööt, Margus"]
[Result "1/2-1/2"]
[WhiteElo "2318"]
[BlackElo "2147"]
[PlyCount "39"]

1. d4 d5 2. Nf3 e6 3. Bf4 Nf6 4. e3 Bd6 5. Bxd6 Qxd6 6. Nbd2 O-O 7. Bd3 Nbd7 8.
O-O e5 9. dxe5 Nxe5 10. Nxe5 Qxe5 11. c3 Bg4 12. Qc2 Bh5 13. e4 dxe4 14. Nxe4
Nxe4 15. Bxe4 Bg6 16. Bxg6 hxg6 17. Rfe1 Qf6 18. Qe4 b5 19. Re2 a6 20. Rae1
1/2-1/2